Hide.io Office Props - Statistics

General Stats
  • This quiz has been taken 5 times
  • The average score is 18 of 59
Answer Stats
Hint Answer % Correct
43 pen
80%
39 book
60%
6 chair
60%
21 chair
60%
24 chair
60%
14 computer
60%
2 phone
60%
57 printer
60%
58 scanner
60%
40 stapler
60%
53 table
60%
47 desk
40%
36 file cabinet
40%
50 fire
40%
9 keyboard
40%
52 notebook
40%
3 sofa
40%
37 sofa
40%
26 urinal
40%
11 water cooler
40%
35 blind
20%
51 blind 2
20%
8 box
20%
54 box file
20%
16 broom
20%
20 cabinet
20%
46 cleaning cart
20%
55 conference phone
20%
12 dancing boss
20%
28 diskette
20%
17 document pile
20%
10 documents
20%
33 dual monitor
20%
7 file box
20%
13 file box
20%
1 fire extinguisher
20%
18 flowerpot
20%
27 flowerpot
20%
56 flowerpot
20%
42 frame
20%
48 locker
20%
45 magazine
20%
15 memo
20%
29 mini-fan
20%
4 moniter
20%
25 mug
20%
30 multi-tap
20%
22 OHP
20%
38 open box
20%
44 paper tray
20%
32 photocopier
20%
31 pinboard
20%
41 power outlet
20%
49 standing lamp
20%
34 switch
20%
19 toilet
20%
23 trash
20%
59 walk clock
20%
5 whiteboard
20%
No matching quizzes found
Score Distribution
Percent of People with Each Score
Percentile by Number Answered
Your Score History
You have not taken this quiz